000
00306nam a2200145Ia 4500
100
_a
O''''Brien/ S.K.
942
_c
BK
654
_a
Turbo pascal 7
245
_a
Turbo pascal 7
260
_b
McGraw - Hill
_a
New Delhi
_c
1993
082
_a
005.13 'P'
300
_a
456
546
_a
ENGLISH
999
_c
19661
_d
19661